000 01698nam a2200469 c 4500
001 44177
003 ES-MaCES
005 20180205141720.0
008 040525s2003 lu i000 | eng d
020 _a9289602011
035 _aCES20040007164m
040 _aES-MaCES
_bspa
_cES-MaCES
100 1 _97366
_aBéduwé, Catherine
245 1 0 _aEDEX
_b: educational expansion and labour market : a comparative study of five European countries - France, Germany, Italy, Spain and the United Kingdom - with special reference to the United States
_cCatherine Béduwé, Jordi Planas
260 _aLuxembourg
_bOffice for Official Publications of the European Communities
260 _a[Thesaloniki
_bCEDEFOP]
_b2003
300 _a191 p.
_c30 cm
490 1 _aCEDEFOP reference series
_v39
500 _aEjem. fotocopiado
504 _aBibliografía: p. 213-216
541 _cCompra
650 4 _apolítica educativa
_927373
650 4 _apolítica de formación
_929974
650 4 _aformación profesional
_927394
650 4 _arelación formación empleo
_929976
650 4 _aevaluación del impacto
_930732
650 4 _acomparación
_928892
650 4 _aFrancia
_926943
650 4 _aAlemania
_926944
650 4 _aItalia
_926952
650 4 _aEspaña
_926964
650 4 _aReino Unido
_926967
650 4 _aEstados Unidos
_928373
653 1 0 _aEducación
650 4 _929020
_apaís de la UE
700 1 _aPlanas, Jordi
_921126
710 2 _91909
_aCentro Europeo para el Desarrollo de la Formación Profesional
_eed.
830 0 _aCEDEFOP reference series
_v39
_933758
902 _aLIB Libro
942 _2CES
_cBK
_h4.0.
999 _c44177
_d44177